000 01177nam a2200313 c 4500
999 _c190516
_d190516
003 BLK
005 20191018131721.0
008 180411b bul|||||r ||||||| ||bul||
010 _aKNG00199664000
040 _aBLK
041 _aBUL
_cBUL
072 7 _2bullib
_aА
_xФонд Михаил Арнаудов
080 _aБългарска литература
_b821.163.2
_x-1
_z821.163.2-1
100 1 _aВазов, Иван Минчов
_eпърви автор
_9363396
139 _aВазов, Иван Минчов
_bВ 15
245 1 0 _aБури и мелодии
_bСтихотворения : Т. 1 - 2
_cИван Минчов Вазов.
_nТ. 1
257 _aBGR
260 _bФакел
_c1940 -
_fСофия : кооп. печ. Гутенберг
300 _c15 см
380 _aX
490 1 _aБиблиотека Иван Вазов
_v109
490 _aЧастна колекция - Академик Михаил Арнаудов
_9396381
_gДарение - Основен фонд
659 _aА
760 1 _aВазов, Иван Минчов
_d1940
_h208 с.
_nТвърда подв.
_tТ. 1
852 _aМА 1810
856 4 _qpdf
856 4 _qpdf
942 _cKNG
_n0
_s1
944 _aCR
_c02.02.2017
_kГеновева_Генчева
944 _aED
_c02.02.2017
_kГеновева_Генчева
999 _d190516